Via col vento in Vaticano

Guardat en:
Dades bibliogràfiques
Autor principal: I Millenari (Autor)
Format: Llibre
Idioma:italià
Publicat: Milán Kaos 1999
Col·lecció:Libertaria
Matèries:
Etiquetes: Afegir etiqueta
Sense etiquetes, Sigues el primer a etiquetar aquest registre!

MARC

LEADER 00000nam a2200000 a 4500
001 UCL3882
003 CL-VaPUC
008 031219e19990000IT |||||||||||||||||ita|d
020 |a 8879530801 
082 0 4 |a 262.135  |b IMI  |2 21 
100 0 |a I Millenari  |e author  |9 481331 
245 1 0 |a Via col vento in Vaticano 
300 |a 297 p 
942 |c BK 
945 |d 20031219 00:00:00  |a rbrito 
260 |a Milán  |b Kaos  |c 1999 
650 7 |a CURIA ROMANA  |2 CL-VaPUC  |9 408565 
650 7 |a CARDENALES  |2 CL-VaPUC  |9 257780 
650 0 |a Iglesia Católica  |9 256114 
651 0 |a Vaticano  |9 314201 
583 |a last modification  |c 20031219 00:00:00  |k Rodrigo Vera 
490 0 |a Libertaria 
999 |c 306874  |d 306872 
952 |0 0  |1 0  |4 0  |6 262_135000000000000_IMI_1999  |7 0  |8 A  |9 372285  |a BIBDER  |b BIBDER  |d 2019-11-21  |i 3964205  |o 262.135 IMI 1999  |p 3964205  |r 2023-01-25  |w 2019-11-21  |y BK  |k DER